000 02935cam a2200277 4500500
005 20251228080854.0
041 _afre
042 _adc
100 1 0 _aChartrin, Thierry
_eauthor
700 1 0 _aDooley, Joe
_eauthor
245 0 0 _aFaire participer les personnes concernées à la formation professionnelle des travailleurs sociaux ? La question s’impose. Pas la réponse !
260 _c2019.
500 _a5
520 _aDans cet article, deux points de vue, français et américain, sur la position de la personne concernée dans la vie des personnes en formation en travail social sont abordés. Tant en France qu’aux États-Unis, l’importance de la personne concernée (ou du « client » aux États-Unis) dans la formation des travailleurs sociaux est largement ignorée, alors que les plans d’action français et les normes de formation américaines prévoient que la personne ou le client concerné(e) joue un rôle primordial dans la relation en travail social. Cet article traite à la fois des aspects philosophiques français de cette question et de la manière dont le rôle du client dans la formation des étudiants américains en travail social est expérimenté dans la pratique. Malgré les différences et les orientations culturelles, la personne ou le client concerné doit être considéré comme un expert égal dans la relation de travail social, servir de guide au processus d’aide, et faire partie intégrante de la formation des étudiants en travail social.
520 _aIn this article two views, French and American, of the position of the concerned person in the of social work students is discussed. Both in France and the United States, the importance of the concerned person (or “client” in the United States) in the education of social workers is widely ignored despite the fact that, both French plans of action and American educational standards state explicitly that the concerned person or client is to have a primary role in the social work relationship. This article discusses both French philosophical aspects of this issue and how the role of the client in the education of American social work students is experienced in practice. Despite cultural differences and orientations, it is concluded that the concerned person or client should be viewed as an equal expert in the social work relationship, serve as a guide for the helping process, and is an intrinsic part of the education of social work students.
690 _aexpert
690 _aformation des travailleurs sociaux
690 _apersonne concernée
690 _arelation en travail social
690 _aclient
690 _aexpert
690 _asocial work relationship
690 _astudent education
786 0 _nVie sociale | 25-26 | 1 | 2019-05-29 | p. 179-191 | 0042-5605
856 4 1 _uhttps://shs.cairn.info/revue-vie-sociale-2019-1-page-179?lang=fr&redirect-ssocas=7080
999 _c1599064
_d1599064